000 00766nam a22002297a 4500
005 20170124105947.0
010 _aA-709147
020 _c00.00
_a8120716019
035 _aA-709147
037 _bCen Lib/Ret
040 _aDPL
_bEN
082 _a270.91
_bPEA
100 _aPearson, M.N.
_978928
245 _aPious passengers :
_cby M.N. Pearson
_bthe hajj in earlier times /
260 _aDelhi
_bSterling Publishers Private Limited
_c1994
270 _aL-10 Green Park
_bDelhi
_e110016
300 _a217p. :
_c21cm(Hb)
_bill.
500 _aIncludes bibliographical references and index.
650 _aIslam -- Customs and practices.
_978929
650 _aMuslim pilgrims and pilgrimages -- History.
_978930
942 _2ddc
_cEN
_h270.91
_mPEA
999 _c124972
_d124972